UM Logo

Psychiatric mental health nursing / (Record no. 5268)

MARC details
000 -LEADER
fixed length control field 01193cam a22003254a 4500
001 - CONTROL NUMBER
control field 12162471
005 - DATE AND TIME OF LATEST TRANSACTION
control field 20161015145917.0
008 - FIXED-LENGTH DATA ELEMENTS--GENERAL INFORMATION
fixed length control field 000901s2001 paua b 001 0 eng c
010 ## - LIBRARY OF CONGRESS CONTROL NUMBER
LC control number 00045386
020 ## - INTERNATIONAL STANDARD BOOK NUMBER
International Standard Book Number 0-7817-1451-6 (alk. paper)
035 ## - SYSTEM CONTROL NUMBER
System control number (DNLM)100963898
040 ## - CATALOGING SOURCE
Original cataloging agency DNLM/DLC
Transcribing agency DLC
Modifying agency DLC
042 ## - AUTHENTICATION CODE
Authentication code pcc
050 00 - LIBRARY OF CONGRESS CALL NUMBER
Classification number RC440
Item number .V536 2001
060 10 - NATIONAL LIBRARY OF MEDICINE CALL NUMBER
Classification number WY 160
Item number V652p 2001
082 00 - DEWEY DECIMAL CLASSIFICATION NUMBER
Classification number DC 610.7368
Edition number 2001
Item number V66
100 1# - MAIN ENTRY--PERSONAL NAME
Personal name Videbeck, Sheila L.
245 10 - TITLE STATEMENT
Title Psychiatric mental health nursing /
Statement of responsibility, etc. Sheila L. Videbeck ; illustrations by Cathy J. Miller.
260 ## - PUBLICATION, DISTRIBUTION, ETC. (IMPRINT)
Place of publication, distribution, etc. Philadelphia :
Name of publisher, distributor, etc. Lippincott,
Date of publication, distribution, etc. c2001.
300 ## - PHYSICAL DESCRIPTION
Extent xvi, 602 pages :
Other physical details illustrations ;
Dimensions 28 cm.
504 ## - BIBLIOGRAPHY, ETC. NOTE
Bibliography, etc Includes bibliographical references and index.
650 #0 - SUBJECT ADDED ENTRY--TOPICAL TERM
Topical term or geographic name as entry element Psychiatric nursing.
650 12 - SUBJECT ADDED ENTRY--TOPICAL TERM
Topical term or geographic name as entry element Psychiatric Nursing.
650 22 - SUBJECT ADDED ENTRY--TOPICAL TERM
Topical term or geographic name as entry element Mental Disorders
General subdivision nursing.
365 ## - TRADE PRICE
Price amount 495.00
Currency code Php
906 ## - LOCAL DATA ELEMENT F, LDF (RLIN)
a 7
b cbc
c orignew
d 1
e ocip
f 20
g y-gencatlg
942 ## - ADDED ENTRY ELEMENTS (KOHA)
Source of classification or shelving scheme Dewey Decimal Classification
Koha item type Circulation
Holdings
Withdrawn status Lost status Source of classification or shelving scheme Damaged status Not for loan Collection code Home library Current library Date acquired Source of acquisition Total Checkouts Full call number Barcode Date last seen Cost, replacement price Price effective from Koha item type
    Dewey Decimal Classification     Circulation UM Digos College - LIC UM Digos College - LIC 10/15/2016 Purchased   DC 610.7368 V66 2001 15198 05/15/2025 495.00 10/15/2016 Circulation